000
00234nam a2200097Ia 4500
001
1157536
005
20250827011243.0
008
250824s9999 xx 000 0 und d
245
0
_a
NE OKURSAN O OLUR
_c
ROBERT DIYANNI
260
_b
ANTRE
999
_c
1157536
_d
1157536